Komunálny leasing - možný zdroj financovania obcí a miest

Bibliographic Details
Main Author: Zubaľová, Alena, 1959- (Author)
Format: Article
Language:Slovak
PhysicalDescription:Tab.
ISSN:1335-0684
Subjects:

MARC

LEADER 00000nab a2200000 a 4500
001 vtls000660066
003 SK-MaSNL
005 20260302191254.0
008 180205c1998 xo 0 slo
015 |a SNBRB1998/05-13601 
035 |a CLN000012258 
040 |a SNKBUCL  |b slo  |c SNKBUCL  |e AACR2 
041 0 |a slo 
044 |a xo  |c SK 
080 |a 658.843:352  |2 UDC-MRF-SK2 
080 |a 352  |2 UDC-MRF-SK2 
080 |a 658.91  |2 UDC-MRF-SK2 
080 |a 339.187.62  |2 UDC-MRF-SK2 
100 1 |a Zubaľová, Alena,  |d 1959-  |4 aut  |9 111783 
245 1 0 |a Komunálny leasing - možný zdroj financovania obcí a miest  |c Alena Zubaľová 
300 |b Tab. 
650 0 7 |a lízing komunálny  |2 snkbucl  |9 906587 
655 7 |a články z novín a časopisov  |2 snkbucl  |9 267496 
773 0 |x 1335-0684  |t Trend  |g Roč. 8, č. 22 (1998), s. 8C 
850 |a Slovenská národná knižnica v Martine 
852 |a SNK  |b KIS3GCP 
958 |a RBX 
999 |c 1436629  |d 1438559